| 000 | 01771nam a2200121Ia 4500 | ||
|---|---|---|---|
| 008 | 220620s9999||||xx |||||||||||||| ||und|| | ||
| 245 | 0 | _aAdvanced Coatings for Corrosion Protection | |
| 546 | _aEnglish[eng] | ||
| 650 | _afluorine free||silanization||superhydrophobic||corrosion protection||self-cleaning||cathodic protection||corrosion mitigation method||potentiodynamic polarization test||simulation||pre-insulated pipeline||zinc-rich coating||cold galvanized coating||durability||magnesium||microstructure||coating||corrosion||polarization||apatite||scanning electrodeposition||Ni-Fe-Co-P-CeO2 composite coating||electrochemical corrosion behavior||corrosion mechanism||Zn-Al diffusion layer||mechanical energy aided diffusion||corrosion resistance||electrochemistry||aluminum foam||electrodeposition||compression test||polyurea||aging mechanism||morphology||chemical properties||phase separation||hydrogen bond||magnesium alloy||MAO coating||corrosion behavior||stratification phenomena||marine environments||aluminum alloy AlMg6||Al2O3 coating||phase composition||stress corrosion||micro-arc oxidation||polymer||water hydraulic valve||cavitation||erosion||coating selection||molecular dynamics||boride-based cermet||laser cladding synthesis||laser power||hardness||wear resistance||MAX phase||Ti2AlN||PVD coating||oxidation||hydrogen permeation||tungsten||W–Cr–C coating||carburization||intergranular corrosion||pitting corrosion||stainless steel||passivated||electrochemical noise||precipitation hardening||metallic coatings||anodizing layers||passivation||polymeric coatings||laser cladding||PVD||superhydrophobic coatings||composite coatings||n/a | ||
| 700 | _aFürbeth, Wolfram | ||
| 856 | _uhttps://mdpi.com/books/pdfview/book/3315 | ||
| 942 | _cEB | ||
| 999 |
_c35131 _d35131 |
||